MYTH OF YOU AND ME A NOVEL (Record no. 11513)
[ view plain ]
| 000 -LEADER | |
|---|---|
| fixed length control field | 00334nam a2200133Ia 4500 |
| 008 - FIXED-LENGTH DATA ELEMENTS--GENERAL INFORMATION | |
| fixed length control field | 240624s9999 xx 000 0 und d |
| 041 ## - LANGUAGE CODE | |
| Language code of text/sound track or separate title | eng |
| 082 ## - DEWEY DECIMAL CLASSIFICATION NUMBER | |
| Classification number | 823 STE |
| 100 ## - MAIN ENTRY--PERSONAL NAME | |
| Personal name | STEWART LEAH |
| 245 ## - TITLE STATEMENT | |
| Title | MYTH OF YOU AND ME A NOVEL |
| 260 ## - PUBLICATION, DISTRIBUTION, ETC. | |
| Date of publication, distribution, etc. | 2005 |
| Place of publication, distribution, etc. | New York |
| Name of publisher, distributor, etc. | Shaye Areheart Books |
| 300 ## - PHYSICAL DESCRIPTION | |
| Extent | 276 : p. : cm. ; 21 |
| 365 ## - TRADE PRICE | |
| Currency code | |
| Price amount | 20 |
| Withdrawn status | Lost status | Damaged status | Not for loan | Home library | Current library | Shelving location | Date acquired | Source of acquisition | Cost, normal purchase price | Total Checkouts | Total Holds | Full call number | Barcode | Date last seen | Date last checked out | Copy number | Price effective from | Koha item type |
|---|---|---|---|---|---|---|---|---|---|---|---|---|---|---|---|---|---|---|
| IMTN | IMTN | Rack 41-A | 11/05/2008 | WBD | 21.95 | 1 | 518 | 823 STE | 11513 | 10/15/2024 | 10/07/2024 | 48 | 06/24/2024 | Books |